[Event "Mittelfrank Regionalliga Sud-Ost 2122"]
[Site "Mittelfranken"]
[Date "2021.10.24"]
[Round "1.4"]
[White "Kreilinger, Erich"]
[Black "Gruettner, Ralf"]
[Result "0-1"]
[WhiteElo "1860"]
[BlackElo "2059"]
[PlyCount "52"]
[EventDate "2021.10.24"]
[EventType "team-tourn"]
[EventRounds "9"]
[EventCountry "GER"]
[SourceTitle "EXT 2024"]
[Source "ChessBase"]
[SourceDate "2023.10.10"]
[SourceVersion "1"]
[SourceVersionDate "2023.10.10"]
[SourceQuality "1"]
[WhiteTeam "Ergolding"]
[BlackTeam "Freising"]
[WhiteTeamCountry "GER"]
[BlackTeamCountry "GER"]

1. d4 Nf6 2. Nf3 c5 3. d5 d6 4. c4 b5 5. cxb5 g6 6. Nc3 Bg7 7. e4 0-0 8. Nd2 Nbd7 9. Be2 a6 10. bxa6 Bxa6 11. Bxa6 Rxa6 12. Qe2 Qa8 13. 0-0 Rb8 14. f4 Ne8 15. Nf3 Nc7 16. Rd1 Nb6 17. Rd2 Na4 18. Nxa4 Rxa4 19. a3 e6 20. dxe6 Nxe6 21. g3 Rxe4 22. Qd1 Re8 23. Rd3 Nd4 24. Bd2 Re2 25. Qf1 Nxf3+ 26. Rxf3 Rxd2 0-1

[Event "GER Seniors Derby 18th"]
[Site "Wesel Undeloh"]
[Date "2019.03.30"]
[Round "5"]
[White "Kreilinger, Erich"]
[Black "Kaeding, Rainer"]
[Result "1/2-1/2"]
[WhiteElo "2055"]
[BlackElo "2154"]
[PlyCount "88"]
[EventDate "2019.03.28"]
[EventType "swiss"]
[EventRounds "7"]
[EventCountry "GER"]
[SourceTitle "EXT 2020"]
[Source "ChessBase"]
[SourceDate "2019.10.17"]
[SourceVersion "1"]
[SourceVersionDate "2019.10.17"]
[SourceQuality "1"]

1. d4 c5 2. d5 e5 3. e4 d6 4. Bd3 Be7 5. Ne2 a6 6. a4 Nd7 7. 0-0 Ngf6 8. Ng3 0-0 9. Na3 Ne8 10. Nc4 g6 11. Bd2 Bg5 12. Qc1 Bxd2 13. Qxd2 Qe7 14. Ra3 b6 15. Kh1 Rb8 16. Qe2 Nc7 17. c3 Re8 18. Re1 Nf8 19. Ra2 Bd7 20. b3 Kg7 21. Ne3 b5 22. axb5 axb5 23. Ra7 Rec8 24. Rea1 Qg5 25. Kg1 h5 26. Qc2 Nh7 27. c4 b4 28. Ngf1 Nf6 29. f3 h4 30. Qd2 Kf8 31. R1a5 Nh5 32. Kh1 Nf4 33. Bb1 Ke7 34. Bc2 Ra8 35. Rxa8 Rxa8 36. Rxa8 Nxa8 37. Bb1 Nc7 38. Bc2 Ne8 39. Bb1 Ng7 40. Bc2 Ngh5 41. Qf2 Ng7 42. Qd2 Qh5 43. Qf2 Qh8 44. Bb1 Ne8 1/2-1/2

[Event "Regionalliga SO 1516"]
[Site "Bayern"]
[Date "2016.02.21"]
[Round "7.6"]
[White "Deues, Erik"]
[Black "Kreilinger, Erich"]
[Result "1-0"]
[WhiteElo "2056"]
[BlackElo "1741"]
[PlyCount "73"]
[EventDate "2015.10.11"]
[EventType "team-tourn"]
[EventRounds "9"]
[EventCountry "GER"]
[SourceTitle "EXT 2018"]
[Source "ChessBase"]
[SourceDate "2017.10.13"]
[SourceVersion "1"]
[SourceVersionDate "2017.10.13"]
[SourceQuality "1"]
[WhiteTeam "Germering"]
[BlackTeam "Geiselhoering"]
[WhiteTeamCountry "GER"]
[BlackTeamCountry "GER"]

1. d4 Nf6 2. c4 g6 3. Nc3 Bg7 4. e4 d6 5. Be2 0-0 6. f4 Nbd7 7. Nf3 e5 8. fxe5 dxe5 9. d5 Qe7 10. Be3 Ng4 11. Bg1 b6 12. h3 Nh6 13. Be3 f5 14. Bg5 Qc5 15. Qd2 Nf7 16. Be3 Qe7 17. 0-0-0 Nc5 18. Ng5 Nd6 19. h4 h6 20. Bxc5 bxc5 21. Ne6 Rf7 22. exf5 gxf5 23. Rh3 Kh7 24. Bh5 Rf6 25. Rg3 Bxe6 26. dxe6 Qxe6 27. Nd5 Ne4 28. Nxf6+ Bxf6 29. Bg6+ Kg7 30. Bxf5+ Nxg3 31. Bxe6 Re8 32. Qd7+ Re7 33. Qc8 Kg6 34. Rd3 Ne2+ 35. Kd1 Nf4 36. Rg3+ Kh5 37. Bf7+ 1-0

[Event "Regionalliga SO 1516"]
[Site "Bayern"]
[Date "2015.10.11"]
[Round "1.5"]
[White "Kreilinger, Erich"]
[Black "Bergerhoff, Andreas"]
[Result "1/2-1/2"]
[WhiteElo "1741"]
[BlackElo "1910"]
[PlyCount "143"]
[EventDate "2015.10.11"]
[EventType "team-tourn"]
[EventRounds "9"]
[EventCountry "GER"]
[SourceTitle "EXT 2018"]
[Source "ChessBase"]
[SourceDate "2017.10.13"]
[SourceVersion "1"]
[SourceVersionDate "2017.10.13"]
[SourceQuality "1"]
[WhiteTeam "Geiselhoering"]
[BlackTeam "Bruckmuehl"]
[WhiteTeamCountry "GER"]
[BlackTeamCountry "GER"]

1. d4 d5 2. Nf3 Nf6 3. e3 Bf5 4. Be2 c6 5. 0-0 e6 6. Nbd2 Nbd7 7. c4 Bd6 8. a3 h6 9. b3 0-0 10. Bb2 Ne4 11. Re1 Ndf6 12. h3 Nxd2 13. Nxd2 Bc7 14. f4 Ne4 15. Nxe4 dxe4 16. Bf1 Qh4 17. Qd2 g5 18. Bc1 gxf4 19. exf4 Bxf4 20. Qxf4 Qxe1 21. Qxh6 Qc3 22. Qf6 c5 23. Qg5+ Bg6 24. Rb1 Qxd4+ 25. Be3 Qg7 26. Bxc5 Rfe8 27. Be7 Rxe7 28. Qxe7 Qd4+ 29. Kh1 e3 30. Re1 Qd2 31. Qh4 Rd8 32. Qg3 Qf2 33. Qxe3 Qxe3 34. Rxe3 Rd1 35. Kg1 Kg7 36. Rc3 Kf6 37. Kf2 Ke5 38. Be2 Rd8 39. Ke3 Be4 40. Bf3 Bxf3 41. gxf3 Rh8 42. b4 Rxh3 43. c5 Kd5 44. Rd3+ Kc6 45. Rd6+ Kc7 46. Rd4 Kc6 47. Rd8 Rh1 48. Rf8 Ra1 49. Rxf7 Rxa3+ 50. Kd4 b6 51. cxb6 axb6 52. Rf4 Kd6 53. Kc4 Kc6 54. b5+ Kd6 55. Rd4+ Ke5 56. f4+ Kf5 57. Rd6 Ra4+ 58. Kb3 Rxf4 59. Rxb6 Ke5 60. Rb8 Kd6 61. Rc8 Kd7 62. Rc2 Rf8 63. Kb4 Rc8 64. Rd2+ Kc7 65. Re2 Re8 66. Kc5 e5 67. Re4 Kb7 68. Kd6 Kb6 69. Kd7 Ra8 70. Rxe5 Ra5 71. Re6+ Kxb5 72. Re5+ 1/2-1/2

[Event "Niederbayernliga 1415"]
[Site "Bayern"]
[Date "2015.01.31"]
[Round "6.4"]
[White "Kreilinger, Erich"]
[Black "Wolf, Gregor"]
[Result "1/2-1/2"]
[WhiteElo "1786"]
[BlackElo "1773"]
[PlyCount "120"]
[EventDate "2014.10.19"]
[EventType "team-tourn"]
[EventRounds "9"]
[EventCountry "GER"]
[SourceTitle "EXT 2023"]
[Source "ChessBase"]
[SourceDate "2022.10.05"]
[SourceVersion "1"]
[SourceVersionDate "2022.10.05"]
[SourceQuality "1"]
[WhiteTeam "Geiselhoering"]
[BlackTeam "Grafenau"]
[WhiteTeamCountry "GER"]
[BlackTeamCountry "GER"]

1. d4 Nf6 2. c4 e6 3. a3 b6 4. Nc3 d5 5. e3 Bb7 6. Nf3 Nbd7 7. Bd3 c5 8. b3 Be7 9. Bb2 0-0 10. 0-0 Ne4 11. Rc1 f5 12. Ne2 Rc8 13. Nf4 Kf7 14. Ne5+ Nxe5 15. dxe5 Qd7 16. f3 g5 17. fxe4 dxe4 18. Qh5+ Kg7 19. Rcd1 exd3 20. Rxd3 Qc6 21. Rd6 Qe4 22. Nxe6+ Kg8 23. Rf2 Qxe3 24. Rd7 Qe1+ 25. Rf1 Qe4 26. Qxh7+ Kxh7 27. Nxg5+ Kg6 28. Nxe4 Bxe4 29. Rxe7 Rfd8 30. h3 Rd2 31. Rf2 Rcd8 32. Re6+ Kf7 33. Rd6 R8xd6 34. exd6 Rxf2 35. Kxf2 Ke6 36. Be5 Bc6 37. Bf4 Kf6 38. g4 fxg4 39. hxg4 Bd7 40. Kg3 Kg6 41. b4 cxb4 42. axb4 a5 43. bxa5 bxa5 44. Bd2 a4 45. Kf4 Kf6 46. Bb4 Bc6 47. g5+ Ke6 48. g6 Kf6 49. g7 Kxg7 50. Ke5 Kf7 51. Ba3 Ke8 52. Ke6 Kd8 53. Bb4 Kc8 54. Ba3 Kd8 55. Bb2 Kc8 56. Bf6 a3 57. Be5 a2 58. Bf6 Ba4 59. Bg7 Bc6 60. Bf6 Ba4 1/2-1/2

[Event "Niederbayernliga 1415"]
[Site "Bayern"]
[Date "2014.12.06"]
[Round "4.5"]
[White "Kreilinger, Erich"]
[Black "Fenzl, Josef"]
[Result "0-1"]
[WhiteElo "1786"]
[BlackElo "1818"]
[PlyCount "124"]
[EventDate "2014.10.19"]
[EventType "team-tourn"]
[EventRounds "9"]
[EventCountry "GER"]
[SourceTitle "EXT 2023"]
[Source "ChessBase"]
[SourceDate "2022.10.05"]
[SourceVersion "1"]
[SourceVersionDate "2022.10.05"]
[SourceQuality "1"]
[WhiteTeam "Geiselhoering"]
[BlackTeam "Schaibing"]
[WhiteTeamCountry "GER"]
[BlackTeamCountry "GER"]

1. d4 d5 2. Nf3 Nf6 3. e3 c5 4. c3 Nbd7 5. Bd3 c4 6. Bc2 e6 7. Nbd2 b5 8. 0-0 Bb7 9. Ng5 h6 10. Nh3 e5 11. f3 Bd6 12. e4 0-0 13. exd5 Nxd5 14. Ne4 Bc7 15. Ng3 exd4 16. cxd4 Bxg3 17. hxg3 Qf6 18. Be4 Rad8 19. g4 Qb6 20. g5 hxg5 21. Nxg5 N7f6 22. Kh2 Rfe8 23. a3 Nxe4 24. fxe4 Nf6 25. d5 Rd7 26. Rf4 Qc7 27. g3 Bxd5 28. exd5 Rxd5 29. Rd4 Rxd4 30. Qxd4 Re2+ 31. Kh3 Qc6 32. Qd8+ Ne8 33. Kg4 f6 34. Nf3 f5+ 35. Kxf5 Qxf3+ 36. Bf4 Qh5+ 37. Bg5 Rf2+ 38. Ke6 Qg6+ 39. Kd7 Qd6+ 40. Kc8 Qc6+ 41. Kb8 Qd6+ 42. Qxd6 Nxd6 43. Bf4 Ne4 44. Re1 Nf6 45. Be5 Nd7+ 46. Kxa7 Nxe5 47. Rxe5 Rxb2 48. Re3 Rb3 49. Re5 Rxa3+ 50. Kb6 Rxg3 51. Kxb5 c3 52. Rc5 Kh7 53. Kb4 Kh6 54. Kb3 g5 55. Kc2 Kh5 56. Rc8 Rf3 57. Rh8+ Kg4 58. Rg8 Kh4 59. Kd1 g4 60. Ke2 Kg3 61. Rc8 c2 62. Kd2 Rf2+ 0-1

[Event "Niederbayernliga 1415"]
[Site "Bayern"]
[Date "2014.11.23"]
[Round "3.5"]
[White "Stark, Bernhard"]
[Black "Kreilinger, Erich"]
[Result "0-1"]
[WhiteElo "1873"]
[BlackElo "1786"]
[PlyCount "46"]
[EventDate "2014.10.19"]
[EventType "team-tourn"]
[EventRounds "9"]
[EventCountry "GER"]
[SourceTitle "EXT 2023"]
[Source "ChessBase"]
[SourceDate "2022.10.05"]
[SourceVersion "1"]
[SourceVersionDate "2022.10.05"]
[SourceQuality "1"]
[WhiteTeam "Passau II"]
[BlackTeam "Geiselhoering"]
[WhiteTeamCountry "GER"]
[BlackTeamCountry "GER"]

1. d4 Nf6 2. c4 g6 3. Nc3 Bg7 4. e4 d6 5. f3 0-0 6. Be3 Nc6 7. Nge2 e5 8. Qd2 Nd7 9. d5 Ne7 10. 0-0-0 f5 11. g3 Rf7 12. Kb1 a6 13. Nc1 Qf8 14. Nd3 Nf6 15. h3 Bd7 16. c5 Nh5 17. g4 Ng3 18. Rg1 Nxf1 19. Rdxf1 fxe4 20. Nxe4 Nxd5 21. Rg3 Nxe3 22. Qxe3 d5 23. Nd2 Re8 0-1

[Event "Niederbayernliga 1415"]
[Site "Bayern"]
[Date "2014.11.09"]
[Round "2.4"]
[White "Hirtreiter, Alexander"]
[Black "Kreilinger, Erich"]
[Result "1/2-1/2"]
[WhiteElo "1872"]
[BlackElo "1786"]
[PlyCount "128"]
[EventDate "2014.10.19"]
[EventType "team-tourn"]
[EventRounds "9"]
[EventCountry "GER"]
[SourceTitle "EXT 2023"]
[Source "ChessBase"]
[SourceDate "2022.10.05"]
[SourceVersion "1"]
[SourceVersionDate "2022.10.05"]
[SourceQuality "1"]
[WhiteTeam "Landau Dingolfing"]
[BlackTeam "Geiselhoering"]
[WhiteTeamCountry "GER"]
[BlackTeamCountry "GER"]

1. e4 d6 2. Nc3 Nf6 3. f4 g6 4. Nf3 Bg7 5. Bc4 0-0 6. d3 Nc6 7. a3 Bg4 8. h3 Bc8 9. 0-0 h6 10. Qe1 e5 11. Qg3 Nh5 12. Qxg6 Nxf4 13. Bxf4 exf4 14. Qh5 Ne5 15. Ba2 Be6 16. Nd5 Bxd5 17. Bxd5 c6 18. Ba2 Nxf3+ 19. Qxf3 Bxb2 20. Rab1 Bd4+ 21. Kh1 Rb8 22. Qxf4 Qg5 23. Bxf7+ Kg7 24. Qxg5+ hxg5 25. Be6 Rxf1+ 26. Rxf1 Rf8 27. Rxf8 Kxf8 28. Bc8 b6 29. Bb7 c5 30. Ba6 Ke7 31. g3 Ke6 32. Bc4+ Ke5 33. Kg2 Kf6 34. Kf3 Bc3 35. Kg4 Be5 36. Ba6 Bb2 37. a4 Bc1 38. Kh5 Bd2 39. h4 gxh4 40. Kxh4 Bc3 41. Kg4 Bd2 42. Kf3 Ke5 43. Ke2 Bg5 44. c3 Bh6 45. Bb7 Bc1 46. Kd1 Be3 47. Ke2 Bc1 48. Bc8 Bg5 49. Bh3 Bc1 50. Bg2 Bg5 51. Bh3 Bc1 52. Bg2 Bg5 53. Bh3 Bd8 54. Bd7 Bg5 55. Bc6 Bc1 56. Kf3 Bd2 57. g4 Kf6 58. c4 Bg5 59. Ke2 Ke5 60. Bd7 Kd4 61. Bb5 Kc3 62. Bc6 Kb4 63. Kf3 Kc3 64. Ke2 Kd4 1/2-1/2

[Event "Niederbayern-ch"]
[Site "Untergriesbach"]
[Date "2013.04.04"]
[Round "2"]
[White "Lichtmannecker, Hans Juergen"]
[Black "Kreilinger, Erich"]
[Result "0-1"]
[WhiteElo "1653"]
[BlackElo "1850"]
[PlyCount "78"]
[EventDate "2013.04.04"]
[EventType "swiss"]
[EventRounds "7"]
[EventCountry "GER"]
[SourceTitle "EXT 2023"]
[Source "ChessBase"]
[SourceDate "2022.10.05"]
[SourceVersion "1"]
[SourceVersionDate "2022.10.05"]
[SourceQuality "1"]

1. g4 d5 2. Bg2 c6 3. c4 e6 4. cxd5 exd5 5. Qb3 Nf6 6. h3 Na6 7. d4 Bd6 8. a3 Nc7 9. e3 Qe7 10. Ne2 0-0 11. Nbc3 Nd7 12. Qc2 Nb6 13. b3 f5 14. Kf1 fxg4 15. hxg4 g6 16. g5 Ne6 17. e4 Nxg5 18. Qd2 Qf7 19. Qe3 dxe4 20. Bxe4 Nxe4 21. Nxe4 Nd5 22. Qh6 Bg4 23. Ra2 Rae8 24. N2g3 Be7 25. Bg5 Bf3 26. Rh2 Rd8 27. Bxe7 Qxe7 28. Ng5 Rd7 29. Nxf3 Rxf3 30. Re2 Qf8 31. Qg5 Re7 32. Re5 Rxe5 33. Qxe5 Re3 34. Qg5 Rxb3 35. Qh4 Qe7 36. Qg4 Qf7 37. Qh4 Rb1+ 38. Ke2 Nf4+ 39. Kd2 Rb2+ 0-1

[Event "Niederbayernliga 1314"]
[Site "Bayern"]
[Date "2013.??.??"]
[Round "1"]
[White "Kreilinger, Erich"]
[Black "Golder, Waldemar"]
[Result "0-1"]
[WhiteElo "1836"]
[BlackElo "1899"]
[PlyCount "148"]
[EventDate "2013.10.13"]
[EventType "team-tourn"]
[EventRounds "9"]
[EventCountry "GER"]
[SourceTitle "EXT 2023"]
[Source "ChessBase"]
[SourceDate "2022.10.05"]
[SourceVersion "1"]
[SourceVersionDate "2022.10.05"]
[SourceQuality "1"]
[WhiteTeam "Geiselhoering"]
[BlackTeam "Ergolding"]
[WhiteTeamCountry "GER"]
[BlackTeamCountry "GER"]

1. d4 d5 2. Nf3 Nf6 3. e3 c6 4. h3 e6 5. Bd3 Bd6 6. 0-0 Nbd7 7. Nbd2 0-0 8. c4 Qe7 9. e4 dxc4 10. Nxc4 e5 11. Bc2 exd4 12. Qxd4 Bc5 13. Qd3 b5 14. Na5 Ba6 15. a3 Rac8 16. b4 Bb6 17. Bf4 Rfd8 18. Nb3 c5 19. bxc5 Nxc5 20. Qe2 b4 21. Qe1 Ncxe4 22. Bxe4 Nxe4 23. Nbd2 Bxf1 24. Nxe4 Re8 25. Nd6 Qxd6 26. Qxe8+ Rxe8 27. Bxd6 Be2 28. axb4 Bxf3 29. gxf3 f6 30. Kf1 Kf7 31. Rc1 Re6 32. Rd1 Kg6 33. Rd5 Re8 34. Bf4 Re7 35. h4 Kf7 36. Rd3 Re6 37. b5 Re7 38. Bd6 Rd7 39. Ke2 Ke6 40. Bf8 Rxd3 41. Kxd3 Kf7 42. Bd6 Bxf2 43. Kc4 Ke6 44. Bb8 Bb6 45. Bg3 g5 46. h5 f5 47. Bb8 Bf2 48. Kb4 Kd5 49. Ka5 g4 50. Ka6 Kc4 51. fxg4 fxg4 52. Bd6 Kd5 53. Bc7 Ke4 54. Bb8 Kf3 55. Bxa7 Bxa7 56. Kxa7 g3 57. b6 g2 58. b7 g1Q+ 59. Ka6 Qg8 60. Ka7 Qf7 61. Kb6 Qe6+ 62. Kc7 Qc4+ 63. Kb6 Qb4+ 64. Kc7 Qc5+ 65. Kd7 Qb6 66. Kc8 Qc6+ 67. Kb8 Kg4 68. h6 Qxh6 69. Kc7 Qg7+ 70. Kc8 Qxb7+ 71. Kxb7 h5 72. Kc6 h4 73. Kd5 h3 74. Ke4 h2 0-1

[Event "Niederbayernliga 1314"]
[Site "Bayern"]
[Date "2013.??.??"]
[Round "2"]
[White "Kreilinger, Erich"]
[Black "Kuespert, Erwin"]
[Result "0-1"]
[WhiteElo "1836"]
[BlackElo "1764"]
[PlyCount "28"]
[EventDate "2013.10.13"]
[EventType "team-tourn"]
[EventRounds "9"]
[EventCountry "GER"]
[SourceTitle "EXT 2023"]
[Source "ChessBase"]
[SourceDate "2022.10.05"]
[SourceVersion "1"]
[SourceVersionDate "2022.10.05"]
[SourceQuality "1"]
[WhiteTeam "Geiselhoering"]
[BlackTeam "Schaibing"]
[WhiteTeamCountry "GER"]
[BlackTeamCountry "GER"]

1. d4 Nf6 2. c4 e6 3. a3 c5 4. d5 exd5 5. cxd5 d6 6. Nc3 g6 7. e4 Bg7 8. h3 0-0 9. Be2 Re8 10. Qc2 a6 11. a4 Qe7 12. Bg5 h6 13. Bf4 Nxe4 14. Qxe4 Bxc3+ 0-1

[Event "Niederbayernliga 1213"]
[Site "Bayern"]
[Date "2012.11.11"]
[Round "2.4"]
[White "Kreilinger, Erich"]
[Black "Hirtreiter, Alexander"]
[Result "0-1"]
[WhiteElo "1806"]
[BlackElo "1872"]
[PlyCount "164"]
[EventDate "2012.10.14"]
[EventType "team-tourn"]
[EventRounds "9"]
[EventCountry "GER"]
[SourceTitle "EXT 2023"]
[Source "ChessBase"]
[SourceDate "2022.10.05"]
[SourceVersion "1"]
[SourceVersionDate "2022.10.05"]
[SourceQuality "1"]
[WhiteTeam "Geiselhoering"]
[BlackTeam "Landau Dingolfing"]
[WhiteTeamCountry "GER"]
[BlackTeamCountry "GER"]

1. d4 e6 2. e4 d5 3. e5 c5 4. c3 Nc6 5. Nf3 f6 6. Bd3 fxe5 7. dxe5 Qc7 8. Qe2 g6 9. 0-0 Bg7 10. Bf4 Nge7 11. Re1 0-0 12. Bg5 Nf5 13. Na3 a6 14. Rac1 c4 15. Bb1 b5 16. Nc2 Qb6 17. Rcd1 a5 18. a3 b4 19. axb4 axb4 20. Ne3 Nxe3 21. Bxe3 Qa5 22. Bd2 Qb6 23. Bg5 Rf7 24. Bh4 Rfa7 25. Bg5 Qc7 26. Bf4 bxc3 27. bxc3 Ra3 28. Qc2 Ne7 29. Nd4 Qa5 30. Bd2 Rb8 31. Rc1 Qc7 32. Bf4 Bd7 33. Qd2 Nc6 34. Nf3 Na5 35. Nd4 Nb3 36. Nxb3 Raxb3 37. Qe3 Bf8 38. Qg3 Be8 39. Bc2 Rb2 40. h4 Qg7 41. Qe3 Qc7 42. Qh3 Qf7 43. Be3 Ra8 44. Bb1 Ba4 45. Qg4 Kh8 46. f4 Ba3 47. Rf1 Rg8 48. Bd4 h5 49. Qg5 Rb7 50. Rce1 Be7 51. Qg3 Bd7 52. Qh3 Rc7 53. g4 Bc5 54. Rd1 Bxd4+ 55. Rxd4 Rb7 56. Qg2 Rgb8 57. Bc2 Rb2 58. Rd2 R2b7 59. Kh2 Rg8 60. Qf3 Rg7 61. Rg1 Qe7 62. Qh3 Rb2 63. Rdg2 hxg4 64. Qxg4 Be8 65. Kg3 Qa3 66. Qf3 d4 67. cxd4 Qa6 68. Be4 Rb3 69. Qxb3 cxb3 70. Rc1 Bb5 71. Rd2 Qa3 72. Rb1 Rc7 73. Kg4 Rc1 74. Rbb2 Rg1+ 75. Kh3 Bc4 76. Bf3 Qa1 77. Bg2 Qe1 78. Kh2 Bd5 79. Re2 Rxg2+ 80. Rxg2 Bxg2 81. Rxg2 Qe4 82. Rb2 Qc2+ 0-1

[Event "Niederbayernliga 1011"]
[Site "Germany"]
[Date "2011.04.10"]
[Round "9.3"]
[White "Woitylak, Steffen"]
[Black "Kreilinger, Erich"]
[Result "0-1"]
[WhiteElo "1891"]
[BlackElo "1853"]
[PlyCount "96"]
[EventDate "2010.10.10"]
[EventType "team-tourn"]
[EventRounds "9"]
[EventCountry "GER"]
[SourceTitle "EXT 2012"]
[Source "ChessBase"]
[SourceDate "2011.11.24"]
[SourceVersion "1"]
[SourceVersionDate "2011.11.24"]
[SourceQuality "1"]
[WhiteTeam "Ergolding"]
[BlackTeam "Geiselhoering"]
[WhiteTeamCountry "GER"]
[BlackTeamCountry "GER"]

1. e4 c5 2. Nc3 e6 3. Nf3 a6 4. d4 cxd4 5. Nxd4 Qc7 6. Be2 Nf6 7. 0-0 Bb4 8. Qd3 Nc6 9. Bg5 Ne5 10. Qe3 Be7 11. Qg3 d6 12. Kh1 Bd7 13. Nf3 Ng6 14. Nd2 b5 15. a3 Bc6 16. Rad1 h6 17. Be3 Qb7 18. f4 0-0-0 19. e5 Ne8 20. Bf3 d5 21. Nb3 Nh4 22. Na5 Qc7 23. Nxc6 Qxc6 24. Ne2 Nf5 25. Qf2 Nxe3 26. Qxe3 Bc5 27. Qc3 Kb7 28. Rd3 g6 29. Qb3 Ka7 30. Rc3 Qb6 31. Qa2 Ng7 32. b4 Be7 33. a4 Bxb4 34. Rb3 Be7 35. axb5 a5 36. Ra1 Kb7 37. c4 Bb4 38. cxd5 exd5 39. Rd3 Qxb5 40. Rxd5 Rxd5 41. Bxd5+ Kb8 42. Nd4 Qc5 43. Nc6+ Kc7 44. Nxb4 axb4 45. Bxf7 g5 46. Qb2 Rd8 47. Rc1 Kb6 48. Rxc5 Rd1# 0-1

[Event "Niederbayernliga 1011"]
[Site "Germany"]
[Date "2011.03.20"]
[Round "8.3"]
[White "Kreilinger, Erich"]
[Black "Danzer, Fabian"]
[Result "1/2-1/2"]
[WhiteElo "1853"]
[BlackElo "1578"]
[PlyCount "63"]
[EventDate "2010.10.10"]
[EventType "team-tourn"]
[EventRounds "9"]
[EventCountry "GER"]
[SourceTitle "EXT 2012"]
[Source "ChessBase"]
[SourceDate "2011.11.24"]
[SourceVersion "1"]
[SourceVersionDate "2011.11.24"]
[SourceQuality "1"]
[WhiteTeam "Geiselhoering"]
[BlackTeam "Simbach"]
[WhiteTeamCountry "GER"]
[BlackTeamCountry "GER"]

1. d4 Nf6 2. Nf3 d5 3. e3 Bg4 4. Bd3 e6 5. Nbd2 Nbd7 6. c4 c5 7. Qa4 Bxf3 8. Nxf3 a6 9. 0-0 dxc4 10. Qxc4 Rc8 11. Qa4 cxd4 12. exd4 Be7 13. Bd2 0-0 14. Rfe1 Nb6 15. Qb3 Rc6 16. a4 Qd5 17. Qd1 Nbd7 18. a5 Bd6 19. Bc3 Rfc8 20. Qe2 Qh5 21. Ne5 Qxe2 22. Rxe2 Bxe5 23. dxe5 Nd5 24. Bd2 Nc5 25. Bc2 Nd7 26. Ba4 R6c7 27. Rd1 Nf8 28. Bb3 Rc5 29. Ba4 Ng6 30. g3 Nge7 31. Ree1 Nc6 32. Bxc6 1/2-1/2

[Event "Niederbayernliga 1011"]
[Site "Germany"]
[Date "2011.02.27"]
[Round "7.3"]
[White "Siemens, Andreas"]
[Black "Kreilinger, Erich"]
[Result "0-1"]
[WhiteElo "1947"]
[BlackElo "1853"]
[PlyCount "42"]
[EventDate "2010.10.10"]
[EventType "team-tourn"]
[EventRounds "9"]
[EventCountry "GER"]
[SourceTitle "EXT 2012"]
[Source "ChessBase"]
[SourceDate "2011.11.24"]
[SourceVersion "1"]
[SourceVersionDate "2011.11.24"]
[SourceQuality "1"]
[WhiteTeam "Rottal II"]
[BlackTeam "Geiselhoering"]
[WhiteTeamCountry "GER"]
[BlackTeamCountry "GER"]

1. Nf3 Nf6 2. c4 g6 3. b3 Bg7 4. Bb2 d6 5. g3 e5 6. d3 0-0 7. e4 Bg4 8. h3 Be6 9. Nc3 c6 10. Ng5 Bd7 11. Ne2 Na6 12. Bg2 Nh5 13. Nf3 f5 14. Nd2 Nb4 15. Nc1 fxe4 16. dxe4 Qb6 17. Rf1 Rf6 18. a3 Raf8 19. Bf3 Bh6 20. axb4 Bxd2+ 21. Qxd2 Rxf3 0-1

[Event "Niederbayernliga 1112"]
[Site "Bayern"]
[Date "2011.??.??"]
[Round "4"]
[White "Bernauer, Thomas"]
[Black "Kreilinger, Erich"]
[Result "0-1"]
[WhiteElo "1876"]
[BlackElo "1838"]
[PlyCount "68"]
[EventDate "2011.10.??"]
[EventType "team-tourn"]
[EventRounds "9"]
[EventCountry "GER"]
[SourceTitle "EXT 2023"]
[Source "ChessBase"]
[SourceDate "2022.10.05"]
[SourceVersion "1"]
[SourceVersionDate "2022.10.05"]
[SourceQuality "1"]
[WhiteTeam "Grafenau"]
[BlackTeam "Geiselhoering"]
[WhiteTeamCountry "GER"]
[BlackTeamCountry "GER"]

1. e4 c5 2. Nf3 e6 3. d4 cxd4 4. Nxd4 a6 5. Nc3 Qc7 6. Be2 Nc6 7. 0-0 Nf6 8. Bg5 Bb4 9. Qd3 Ne5 10. Qg3 Bxc3 11. Bxf6 gxf6 12. bxc3 Ke7 13. Qg7 Qd8 14. f4 Ng6 15. e5 f5 16. Bd3 Rg8 17. Qxh7 Qf8 18. Qh3 Kd8 19. Rad1 Rh8 20. Qe3 Qh6 21. h3 Ne7 22. Bc4 Ke8 23. Rd2 b5 24. Bxb5 axb5 25. Nxb5 Rxa2 26. Qb6 Qh4 27. g3 Nd5 28. Nc7+ Kf8 29. Nxd5 Qxh3 30. Qd8+ Kg7 31. Qf6+ Kf8 32. Nb4 Qh1+ 33. Kf2 Rh2+ 34. Ke1 Ra1+ 0-1

[Event "Niederbayernliga 1011"]
[Site "Germany"]
[Date "2010.12.12"]
[Round "4.3"]
[White "Kreilinger, Erich"]
[Black "Palmi, Herbert"]
[Result "0-1"]
[WhiteElo "1853"]
[BlackElo "2016"]
[PlyCount "36"]
[EventDate "2010.10.10"]
[EventType "team-tourn"]
[EventRounds "9"]
[EventCountry "GER"]
[SourceTitle "EXT 2012"]
[Source "ChessBase"]
[SourceDate "2011.11.24"]
[SourceVersion "1"]
[SourceVersionDate "2011.11.24"]
[SourceQuality "1"]
[WhiteTeam "Geiselhoering"]
[BlackTeam "Bayerwald"]
[WhiteTeamCountry "GER"]
[BlackTeamCountry "GER"]

1. d4 Nf6 2. c4 e6 3. a3 c5 4. d5 exd5 5. cxd5 d6 6. Nc3 g6 7. e4 Bg7 8. Be2 a6 9. a4 0-0 10. h3 Re8 11. Qc2 Qe7 12. Bf3 Nxe4 13. Nxe4 Bf5 14. Kf1 Bxe4 15. Qd1 Nd7 16. a5 Bc2 17. Qd2 Bh6 18. Qc3 Bd3+ 0-1

[Event "Niederbayernliga 0910"]
[Site "Germany"]
[Date "2010.03.21"]
[Round "8.3"]
[White "Kreilinger, Erich"]
[Black "Putz, Ernst"]
[Result "1-0"]
[WhiteElo "1852"]
[BlackElo "1796"]
[PlyCount "110"]
[EventDate "2009.10.18"]
[EventType "team-tourn"]
[EventRounds "9"]
[EventCountry "GER"]
[SourceTitle "EXT 2011"]
[Source "ChessBase"]
[SourceDate "2010.11.26"]
[SourceVersion "1"]
[SourceVersionDate "2010.11.26"]
[SourceQuality "1"]
[WhiteTeam "Geiselhoering"]
[BlackTeam "Simbach"]
[WhiteTeamCountry "GER"]
[BlackTeamCountry "GER"]

1. d4 Nf6 2. c4 e6 3. a3 d5 4. e3 c5 5. Nc3 cxd4 6. exd4 Be7 7. Bd3 dxc4 8. Bxc4 b6 9. Nf3 Bb7 10. Be3 0-0 11. 0-0 Ba6 12. b3 Qc8 13. Nb5 Bxb5 14. Bxb5 a6 15. Bd3 Nbd7 16. Re1 Qb7 17. Qe2 Nd5 18. Bd2 b5 19. Qe4 N7f6 20. Qh4 Rfc8 21. Ne5 Bf8 22. Ng4 Qb6 23. Re5 g6 24. Nxf6+ Nxf6 25. Re3 Bg7 26. Rh3 Rd8 27. Be3 Rd5 28. Be2 Rc8 29. Rd1 Rc2 30. Bf3 Rd7 31. Bg5 Nd5 32. Qxh7+ Kf8 33. Be4 Nc3 34. Bxc2 Nxd1 35. Rd3 Rxd4 36. Bh6 Bxh6 37. Qh8+ Ke7 38. Rxd4 Nc3 39. Bd3 Bg5 40. Rg4 Bf6 41. Qh3 Qd6 42. b4 Nd5 43. Qf3 Qe5 44. Bf1 Qb2 45. Rg3 Bc3 46. h4 Qxa3 47. h5 gxh5 48. Rg7 Qxb4 49. Qxf7+ Kd6 50. Qd7+ Kc5 51. Qa7+ Kd6 52. Qxa6+ Ke5 53. Rg5+ Kf4 54. Rxh5 Nf6 55. Rxb5 Qd4 1-0